<?xml version="1.0" encoding="UTF-8"?>
<record
    xmlns:xsi="http://www.w3.org/2001/XMLSchema-instance"
    xsi:schemaLocation="http://www.loc.gov/MARC21/slim http://www.loc.gov/standards/marcxml/schema/MARC21slim.xsd"
    xmlns="http://www.loc.gov/MARC21/slim">

  <leader>01430nam a22002417a 4500</leader>
  <controlfield tag="003">OSt</controlfield>
  <controlfield tag="005">20240229074004.0</controlfield>
  <controlfield tag="008">20207b           ||||| |||| 00| 0 spa d</controlfield>
  <datafield tag="020" ind1=" " ind2=" ">
    <subfield code="a">9789945230000</subfield>
  </datafield>
  <datafield tag="040" ind1=" " ind2=" ">
    <subfield code="a">DO-SdBNP</subfield>
    <subfield code="b">spa</subfield>
    <subfield code="c">BNPHU</subfield>
  </datafield>
  <datafield tag="082" ind1=" " ind2="4">
    <subfield code="a">372.10424</subfield>
    <subfield code="b">S127i</subfield>
  </datafield>
  <datafield tag="100" ind1="1" ind2=" ">
    <subfield code="a"> S&#xE1;ez , Jos&#xE9; Luis</subfield>
    <subfield code="d">1937-</subfield>
    <subfield code="9">620</subfield>
  </datafield>
  <datafield tag="245" ind1="1" ind2=" ">
    <subfield code="a">Instituto Polit&#xE9;cnico Loyola sesenta y siete a&#xF1;os despu&#xE9;s :</subfield>
    <subfield code="b">la vida y peripecias de una escuela modelo /</subfield>
    <subfield code="c">Jos&#xE9; Luis S&#xE1;ez, S.J.</subfield>
  </datafield>
  <datafield tag="260" ind1=" " ind2=" ">
    <subfield code="a">San Crist&#xF3;bal, Rep&#xFA;blico Dominicana :</subfield>
    <subfield code="b">Instituto Politecnico Loyola,</subfield>
    <subfield code="c">2020</subfield>
  </datafield>
  <datafield tag="300" ind1=" " ind2=" ">
    <subfield code="a">296 p. ;</subfield>
    <subfield code="c">29 cm</subfield>
  </datafield>
  <datafield tag="505" ind1=" " ind2=" ">
    <subfield code="t">Presentaci&#xF3;n por el ingeniero Hip&#xF3;lito Mej&#xED;a - 6</subfield>
    <subfield code="t"> Introducci&#xF3;n bibliogr&#xE1;fica - 9</subfield>
    <subfield code="t"> Principales siglas empleadas -24</subfield>
    <subfield code="t"> Introducci&#xF3;n - 26 </subfield>
    <subfield code="t">G&#xE9;nesis de un proyecto de educaci&#xF3;n nueva (1951 - 1953) - 29</subfield>
    <subfield code="t">Los esperados primeros frutos (1954-1958) - 45</subfield>
    <subfield code="t">Crisis y enfrentamiento (1959 - 1961) - 59 </subfield>
    <subfield code="t"> El largo camino de la estabilidad (1962 - 1974) - 69 </subfield>
    <subfield code="t"> Veinte a&#xF1;os despu&#xE9;s (1974-1993) - 85</subfield>
    <subfield code="t">Vocaci&#xF3;n de crecimiento (2000-2018) -97</subfield>
    <subfield code="t"> Ap&#xE9;ndice documental - 109.</subfield>
  </datafield>
  <datafield tag="590" ind1=" " ind2=" ">
    <subfield code="a">Inventariado, 2021 / DG</subfield>
  </datafield>
  <datafield tag="610" ind1="2" ind2="4">
    <subfield code="a">Instituto Polit&#xE9;cnico Loyola </subfield>
    <subfield code="z">San Crist&#xF3;bal (Rep&#xFA;blica Dominicana)</subfield>
    <subfield code="9">77870</subfield>
  </datafield>
  <datafield tag="650" ind1=" " ind2="4">
    <subfield code="a">Educaci&#xF3;n agr&#xED;cola</subfield>
    <subfield code="z">Rep&#xFA;blica Dominicana</subfield>
    <subfield code="9">19698</subfield>
  </datafield>
  <datafield tag="650" ind1=" " ind2="4">
    <subfield code="a">Educaci&#xF3;n tecnol&#xF3;gica </subfield>
    <subfield code="z">Rep&#xFA;blica Domincana</subfield>
    <subfield code="9">77871</subfield>
  </datafield>
  <datafield tag="910" ind1=" " ind2=" ">
    <subfield code="a">Inventariado, 2021 / DG/Validado. Control de calidad MFF</subfield>
  </datafield>
  <datafield tag="942" ind1=" " ind2=" ">
    <subfield code="2">ddc</subfield>
    <subfield code="c">LBS1</subfield>
  </datafield>
  <datafield tag="952" ind1=" " ind2=" ">
    <subfield code="0">0</subfield>
    <subfield code="1">0</subfield>
    <subfield code="2">ddc</subfield>
    <subfield code="5">1</subfield>
    <subfield code="7">1</subfield>
    <subfield code="8">MO</subfield>
    <subfield code="a">BNPHU</subfield>
    <subfield code="b">PD</subfield>
    <subfield code="c">HD</subfield>
    <subfield code="d">2021-01-20</subfield>
    <subfield code="e">Deposito Legal</subfield>
    <subfield code="l">0</subfield>
    <subfield code="o">BNPHU PD 372.10424 S127i</subfield>
    <subfield code="p">2021-0231</subfield>
    <subfield code="r">2021-02-17</subfield>
    <subfield code="w">2021-02-17</subfield>
    <subfield code="y">LBS1</subfield>
  </datafield>
  <datafield tag="952" ind1=" " ind2=" ">
    <subfield code="0">0</subfield>
    <subfield code="1">0</subfield>
    <subfield code="2">ddc</subfield>
    <subfield code="5">1</subfield>
    <subfield code="7">2</subfield>
    <subfield code="8">MO</subfield>
    <subfield code="a">BNPHU</subfield>
    <subfield code="b">PD</subfield>
    <subfield code="c">HD</subfield>
    <subfield code="d">2021-01-20</subfield>
    <subfield code="e">Deposito Legal</subfield>
    <subfield code="l">0</subfield>
    <subfield code="o">BNPHU PD 372.10424 S127i</subfield>
    <subfield code="p">2021-0232</subfield>
    <subfield code="r">2021-02-17</subfield>
    <subfield code="t">e. 2</subfield>
    <subfield code="w">2021-02-17</subfield>
    <subfield code="y">LBS1</subfield>
  </datafield>
  <datafield tag="952" ind1=" " ind2=" ">
    <subfield code="0">0</subfield>
    <subfield code="1">0</subfield>
    <subfield code="2">ddc</subfield>
    <subfield code="5">6</subfield>
    <subfield code="7">0</subfield>
    <subfield code="8">MO</subfield>
    <subfield code="a">BNPHU</subfield>
    <subfield code="b">BNPHU</subfield>
    <subfield code="c">HD</subfield>
    <subfield code="d">2021-01-20</subfield>
    <subfield code="e">Deposito Legal</subfield>
    <subfield code="l">0</subfield>
    <subfield code="o">BNPHU DS 372.10424 S127i</subfield>
    <subfield code="p">2021-0233</subfield>
    <subfield code="r">2021-02-17</subfield>
    <subfield code="t">e. 3</subfield>
    <subfield code="w">2021-02-17</subfield>
    <subfield code="y">LBS1</subfield>
  </datafield>
  <datafield tag="999" ind1=" " ind2=" ">
    <subfield code="c">49392</subfield>
    <subfield code="d">49392</subfield>
  </datafield>
</record>
